000
00307nam a2200133Ia 4500
005
20260328104300.0
008
260328s9999||||xx |||||||||||||| ||und||
100
_a
Tufnell, Ben
245
0
_a
Land Art /
_c
Ben Tufnell
260
_b
Tate Publishing
300
_a
144 p.
650
_a
ECOLOGÍA
942
_c
BK
999
_c
10587
_d
10587